Statistics for States That Beat North Dakota

Click here to take the quiz!

General Stats

  • This quiz has been taken 39 times
  • The average score is 13 of 15

Answer Stats

RankCategoryAnswer% Correct
9(t)*Highest % CatholicRhode Island | Massachusetts | New Jersey | New Mexico | Connecticut | New York | California | Illinois | New Hampshire(t) | Louisiana(t)
100%
9Highest % WhiteMaine | Vermont | West Virginia | New Hampshire | Montana | Iowa | Kentucky | Wyoming
100%
9Highest Gun OwnershipAlaska | Arkansas | Idaho | West Virginia | Wyoming | Montana | New Mexico | Alabama
100%
8Least PrecipitationNevada | Utah | Wyoming | Arizona | New Mexico | Montana | Colorado
97%
6Highest % Native AmericanAlaska | New Mexico | South Dakota | Oklahoma | Montana
94%
4Least PopulousWyoming | Vermont | Alaska
94%
4Lowest Population DensityAlaska | Wyoming | Montana
94%
2Coldest Average TemperatureAlaska
94%
4Most RectangularColorado | Wyoming | Kansas
89%
8Highest % ObeseMississippi | West Virginia | Arkansas | Louisiana | Kentucky | Alabama | Iowa
86%
8Most Coal MiningWyoming | West Virginia | Pennsylvania | Illinois | Kentucky | Montana | Indiana
83%
6Slowest GrowingWest Virginia | Pennsylvania | Iowa | New York | Ohio
74%
4Youngest Median AgeUtah | Texas | Alaska
71%
2Highest % GermanWisconsin
66%
2Most Workplace Deaths Per CapitaAlaska
51%

Score Distribution

Percentile by Number Answered

Percent of People with Each Score

Your Score History

You have not taken this quiz